000 00919nam a22003017a 4500
001 BR7705617
003 BR-BrBNA
005 20230928085452.0
007 ta
008 230509b bl.||||| |||| 00| 0 por d
040 _aBR-BrBNA
_bpor
_cBiblioteca Nacional de Agricultura
041 _a(Por)
072 _aF00; L30; H10
_b1930
090 _ 1930 BR7705617
110 1 _aGoverno do Estado de Goias, Goiania (Brasil)
_95285
111 1 _a1. Encontro sobre Forrageiras do Genero Brachiaria
_cGoiania, GO (Brazil)
_d11 May 1977
245 1 _aEncontro sobre Forrageiras de Genero Brachiaria [capim brachiaria, fungo, fenacao]
260 3 _aGoiania, GO (Brasil):
_c1977.
300 _a256 p.
650 _aCAPIM BRACHIARIA
650 _aFENACAO
650 _aVARIEDADE
650 _aCIGARRINHA DAS PASTAGENS
650 _aADUBACAO
650 _aGOIAS
909 _a202309
_bLucia
_c55
_dLucia Elande
942 _cBK
999 _c24592
_d24592